000 00468nam a2200157Ia 4500
008 240729s9999 xx 000 0 und d
245 0 _aScripta Instituti Donneriani Aboensis
260 _aFinland
260 _bDonner Institute
650 _a Religion (General)
650 _a Religions. Mythology. Rationalism
650 _aPhilosophy. Psychology. Religion
856 _uhttps://doaj.org/toc/d023e9fb013240678148557fb14d211f
942 _2ddc
942 _cDOAJEJ
999 _c65712
_d65712
945 _a1
_bMadushi Gamage
_c1
_dMadushi Gamage